000 00320nam a22001337a 4500
003 SGT
020 _a97815-4334469-1
082 _a615.19
_bMAN
100 _aMANEKAR, DR. HNEHAL
245 _aQUALITY CONTROL AND STANDARDIZATION OF HERBALS
260 _aINDIA
_bPEE VEE. PUB.
_c2021
300 _a173
942 _2ddc
_cBK
999 _c32442
_d32442